Advances In Spatial Databases 1262 (Record no. 25692)

MARC details
000 -LEADER
fixed length control field 00381nam a22001697a 4500
003 - CONTROL NUMBER IDENTIFIER
control field OSt
005 - DATE AND TIME OF LATEST TRANSACTION
control field 20220103093409.0
008 - FIXED-LENGTH DATA ELEMENTS--GENERAL INFORMATION
fixed length control field 220103b |||||||| |||| 00| 0 eng d
020 ## - INTERNATIONAL STANDARD BOOK NUMBER
International Standard Book Number 03029743
040 ## - CATALOGING SOURCE
Transcribing agency HU
082 ## - DEWEY DECIMAL CLASSIFICATION NUMBER
Classification number 025.04
100 ## - MAIN ENTRY--PERSONAL NAME
Personal name Scholl Michel
9 (RLIN) 26750
245 ## - TITLE STATEMENT
Title Advances In Spatial Databases 1262
260 ## - PUBLICATION, DISTRIBUTION, ETC.
Place of publication, distribution, etc. London
300 ## - PHYSICAL DESCRIPTION
Type of unit 373
942 ## - ADDED ENTRY ELEMENTS (KOHA)
Source of classification or shelving scheme Dewey Decimal Classification
Koha item type Books like text book referance book
Suppress in OPAC No
Holdings
Withdrawn status Lost status Source of classification or shelving scheme Damaged status Not for loan Home library Current library Shelving location Date acquired Total Checkouts Full call number Barcode Date last seen Copy number Price effective from Koha item type
    Dewey Decimal Classification     IoT Library IoT Library General Stacks 01/03/2022   025.04/ADV/1997 IOTL0003597 01/03/2022 1 01/03/2022 Books like text book referance book
    Dewey Decimal Classification     IoT Library IoT Library General Stacks 01/03/2022   025.04/ADV/1997 IOTL0003598 01/03/2022 2 01/03/2022 Books like text book referance book
    Dewey Decimal Classification     IoT Library IoT Library General Stacks 01/03/2022   025.04/ADV/1997 IOTL0003599 01/03/2022 3 01/03/2022 Books like text book referance book